000 00530nam a2200145Ia 4500
008 181023s9999 xx 000 0 und d
020 _a9789814691260
100 _aMooney, T. Brian.
245 _cT. Brian Mooney, John N. Williams, Steven Burik.--
_aAn Introduction to cirtical and creative thinking :
_banalysing and evaluating ordinary language reasoning /
260 _aNew York :
_bMcGraw Hill
_c2016
300 _axi, 409 pages.
500 _aIncludes indexes
650 _aCreative thinking.
650 _aCritical thinking.
999 _c359321
_d359321